Statistics for Country Names Unscrambled: Spot the Extra Letter! (4-6 letters long countries)

Click here to take the quiz!

General Stats

  • This quiz has been taken 112 times
  • The average score is 56 of 67

Answer Stats

TEXT EXTRA LETTER % Correct
GOOTTT (Togo)
98%
FIIJOO (Fiji)
97%
AFILMF (Mali)
97%
AIQRWW (Iraq)
97%
EJPRUJ (Peru)
97%
ACDHLL (Chad)
96%
AGLOSG (Laos)
95%
AAGHNWW (Ghana)
95%
AEGPTYA (Egypt)
94%
ABCQUQ (Cuba)
94%
AAIJNPI (Japan)
94%
ABMNOB (Oman)
94%
AINRTT (Iran)
93%
AAMOQSQ (Samoa)
93%
ABGNOXX (Gabon)
93%
AAQRTTT (Qatar)
92%
ACFHINF (China)
92%
AINPSZZ (Spain)
92%
AIRRSYR (Syria)
91%
CEHILSS (Chile)
91%
AALPSUS (Palau)
91%
AAACDFNF (Canada)
90%
AELNNPN (Nepal)
90%
DEEMNYD (Yemen)
90%
ACDNSUC (Sudan)
90%
AEKNTYT (Kenya)
90%
ADIINRR (India)
90%
ABMQRUQ (Burma)
89%
AALMSTS (Malta)
89%
AAADGNUA (Uganda)
89%
BEINNPP (Benin)
89%
ABILRYR (Libya)
89%
AGNOTWW (Tonga)
89%
ANRUUXX (Nauru)
89%
AAAHMNPH (Panama)
88%
AIKLTYK (Italy)
85%
AAGLNOXX (Angola)
85%
AHIILTL (Haiti)
85%
AABIJMZJ (Zambia)
85%
EGINPRP (Niger)
84%
AABGIMWW (Gambia)
82%
AAIRSSUA (Russia)
82%
AAIJLMWJ (Malawi)
81%
AAINTWWW (Taiwan)
81%
AAGNPUYP (Guyana)
80%
AADFNRWF (Rwanda)
79%
ACMNOOXX (Monaco)
79%
ABEHNTUE (Bhutan)
78%
AAILMTVM (Latvia)
78%
ABEIRSSS (Serbia)
77%
ABGILRZG (Brazil)
77%
AKOOOSVA (Kosovo)
75%
ACEFNNRN (France)
75%
ADJKNORK (Jordan)
74%
BEEILUZU (Belize)
73%
ADLNOPUU (Poland)
73%
ADEGINUD (Guinea)
72%
ALNTUUVN (Tuvalu)
71%
ANNORWYN (Norway)
71%
AEHILRSH (Israel)
68%
AEIKTUWE (Kuwait)
68%
CEEEGRVV (Greece)
67%
DEENSWYY (Sweden)
66%
CIPRSUYI (Cyprus)
66%
CEHIMOXH (Mexico)
66%
BEIINRUI (Brunei)
66%
CEKRTUYC (Turkey)
66%

Score Distribution

Percentile by Number Answered

Percent of People with Each Score

Your Score History

You have not taken this quiz